000 01448aam a2200337 i 4500
001 768714001
003 CO-MdFUSB
005 20260220200233.0
007 ta
008 260220t2008 sp |||| |||| 00| 0 spa d
020 _a978-84-301-1683-6
040 _cCO-MdFUSB
041 _aspa
_heng
082 0 4 _223
_a232.8
_bH9673s
100 1 _aHurtado, Larry W.
_eautor
240 _aLord Jesus Christ. Devotion to Jesus in earliest christianity
245 1 0 _aSeñor Jesucristo :
_bla devoción a Jesús en el cristianismo primitivo
_c/ Larry W. Hurtado ; traducido por: J. Molina de la Torre
264 1 _bSígueme,
_aSalamanca, España :
_c[2008]
264 4 _c©2008
300 _a829 páginas
_c; 24 cm
336 _atexto
_btxt
_2rdacontent
337 _2rdamedia
_asin mediación
_bn
338 _2rdacarrier
_avolumen
_bnc
501 _aPasta dura
505 _aEl primitivo cristianismo paulino -- El judeocristianismo de Judea -- Q y la primitiva devoción a Jesús -- Libros sobre Jesús -- Crisis y cristología en el cristianismo joánico -- Otros libros primitivos sobre Jesús -- Devoción proto-ortodoxa.
563 _aPasta dura
650 1 4 _aJesucristo \ Jesucristo - Historia de las doctrinas - la iglesia temprana, ca. 30-600 \ Jesucristo - Culto - Historia Bíblica \ Nuevo Testamento - Teología.
700 _aMolina de la Torre, Francisco Javier, ‎
_99604
_etraductor
942 _cBK
945 _aJTF-925
999 _c44963
_d44963